| 000 | 00535cam a2200169 a 4500 | ||
|---|---|---|---|
| 001 | 000007126 | ||
| 005 | 20200929154056.0 | ||
| 008 | 910816s1957 nyua 000 0aeng d | ||
| 040 |
_aDO-SdBNP _bspa _cBNPHU |
||
| 082 |
_a927.73 _bH689b |
||
| 100 | 1 |
_aHodgkinson, Colin. _919771 |
|
| 245 | 1 | 0 |
_aBest foot forward : _bthe autobiography of Colin Hodgkinson / _cColin Hodgkinson. |
| 260 |
_aNew York : _bNorton & Company, _c1957. |
||
| 300 |
_a269 p. : _bil. ; _c22 cm. |
||
| 600 | 1 | 0 |
_aHODGKINSON, COLIN. _d1945-1960 _919772 |
| 910 | _aEn proceso | ||
| 999 |
_c6907 _d6907 |
||